Who pulls the strings? (Record no. 70211)
[ view plain ]
| 000 -LEADER | |
|---|---|
| fixed length control field | 01210cam a2200241 4500 |
| 001 - CONTROL NUMBER | |
| control field | ABS65392 |
| 008 - FIXED-LENGTH DATA ELEMENTS--GENERAL INFORMATION | |
| fixed length control field | 020508n2002 000 0 eng u |
| 035 ## - SYSTEM CONTROL NUMBER | |
| System control number | (Sirsi) u117888 |
| 100 ## - MAIN ENTRY--PERSONAL NAME | |
| Personal name | Hawkey, E. |
| 245 ## - TITLE STATEMENT | |
| Title | Who pulls the strings? |
| 260 ## - PUBLICATION, DISTRIBUTION, ETC. | |
| Date of publication, distribution, etc. | 2002 |
| 490 ## - SERIES STATEMENT | |
| Series statement | Roof |
| Volume/sequential designation | May/June 2002, 22-25(4) |
| 520 ## - SUMMARY, ETC. | |
| Summary, etc. | Discusses who really influences housing policy in England, concluding that money and votes are driving forces behind government policy. Report concludes that votes in the form of householders have the most say in policy, followed by the Treasury and civil servants, government advisors, local government, money-lenders, politicians, voluntary sector and housing associations. Other factors include housebuilders, think-tanks, housing corporation and consultants. Argues that householders, who do not want extra housing in their locality are the biggest obstacle to the main problem of lack of affordable homes where people want to live. |
| 590 ## - LOCAL NOTE (RLIN) | |
| Local note | ABS |
| 650 ## - SUBJECT ADDED ENTRY--TOPICAL TERM | |
| Topical term or geographic name entry element | HOUSING POLICY |
| 650 ## - SUBJECT ADDED ENTRY--TOPICAL TERM | |
| Topical term or geographic name entry element | HOUSING |
| 650 ## - SUBJECT ADDED ENTRY--TOPICAL TERM | |
| Topical term or geographic name entry element | GOVERNMENT POLICY |
| 650 ## - SUBJECT ADDED ENTRY--TOPICAL TERM | |
| Topical term or geographic name entry element | LOCAL GOVERNMENT |
| 650 ## - SUBJECT ADDED ENTRY--TOPICAL TERM | |
| Topical term or geographic name entry element | HOUSING ASSOCIATIONS |
| 650 ## - SUBJECT ADDED ENTRY--TOPICAL TERM | |
| Topical term or geographic name entry element | HOUSEHOLDERS |
| 690 ## - LOCAL SUBJECT ADDED ENTRY--TOPICAL TERM (OCLC, RLIN) | |
| Topical term or geographic name as entry element | HOUSING-DEVELOPMENT |
| 942 ## - ADDED ENTRY ELEMENTS (KOHA) | |
| Suppress in OPAC | 0 |
| Withdrawn status | Lost status | Source of classification or shelving scheme | Damaged status | Not for loan | Home library | Current library | Shelving location | Date acquired | Total Checkouts | Full call number | Barcode | Date last seen | Copy number | Price effective from | Koha item type |
|---|---|---|---|---|---|---|---|---|---|---|---|---|---|---|---|
| Dewey Decimal Classification | London | London | Journal article | 08/05/2002 | ABS65392 | 117888-1001 | 06/08/2019 | 1 | 06/08/2019 | Journal article |